Bilecik Bilecik Bilecik Bilecik Bilecik

Maliyet muhasebesi uygulamaları : (Record no. 2690)

MARC details
000 -BAŞLIK
Sabit Uzunluktaki Kontrol Alanı 01121nam a22003377a 4500
001 - KONTROL NUMARASI
Control Dosyası 0002703
003 - KONTROL NUMARASI KİMLİĞİ
Kontrol Alanı KOHA_MİRAKIL
005 - EN SON İŞLEM TARİHİ ve ZAMANI
Kontrol Alanı 20260207001318.0
007 - FİZİKSEL TANIM SABİT ALAN - GENEL BİLGİ
Sabit uzunluklu kontrol alanı ta
008 - SABİT UZUNLUKTAKİ VERİ ÖGELERİ - GENEL BİLGİ
Sabit Alan 090305b1990 tu |||gr||||#||||0|tur |
020 ## - ISBN - ULUSLARARASI STANDART KİTAP NUMARASI
Isbn 795404144X
Kullanılabilirlik koşulları TL0,01
040 ## - KATALOGLAMA KAYNAĞI
Özgün Kataloglama Kurumu TR-BiSEU
Kataloglama Dili tur
Çeviri Kurumu TR-BiSEU
Açıklama Kuralları rda
041 0# - DİL KODU
Metin ya da ses kaydının dil kodu tur
044 ## - YAYINLAYAN/ÜRETEN KURULUŞUN ÜLKE KODU
ISO country code tu
050 ## - SINIFLAMA ve YER NUMARASI
Sınıflama Numarası HF5681
Yer Numarası .G96 1990
100 1# - KİŞİ ADI
Yazar Adı (Kişi adı) Güredin, Ersin.
245 1# - ESER ADI BİLDİRİMİ
Başlık Maliyet muhasebesi uygulamaları :
Alt Eseradı vb. Problemler çözümler vakalar/
Sorumluluk Bildirimi Ersin Güredin ; Ersin Güredin, Yücel Ercan.
264 #1 - ÜRERİM, YAYIN, DAĞITIM ve TELİF BİLDİRİMİ
Yayın yeri İstanbul :
Yayınlayan İstanbul Üniversitesi
Yayın tarihi 1990
300 ## - FİZİKSEL TANIMLAMA
Sayfa, Cilt vb. 428 sayfa: tablo
336 ## - İÇERİK TÜRÜ
Content type term metin
Content type code txt
Source rdacontent
337 ## - MEDYA TÜRÜ
Media type term aracısız
Media type code n
Source rdamedia
338 ## - TAŞIYICI TÜRÜ
Carrier type term cilt
Carrier type code nc
Source rdacarrier
490 1# - DİZİ BİLDİRİMİ
Dizi Bildirimi Muhasebe Enstitüsü Yayın ;
Cilt Numarası no.
490 1# - DİZİ BİLDİRİMİ
Dizi Bildirimi 60 Muhasebe Enstitüsü Eğitim ve Araştırma Vakfı Yayın ;
Cilt Numarası no.
490 1# - DİZİ BİLDİRİMİ
Dizi Bildirimi 12
650 #0 - KONU BAŞLIĞI EK GİRİŞ - KONU TERİMİ
Konusal terim veya coğrafi ad Maliyet Muhasebesi.
9 (RLIN) 5774
830 1# - SERİ EK GİRİŞİ - TEKBİÇİM ESER ADI
Tekbiçim Başlık Muhasebe Enstitüsü Yayın ;
Volume number/sequential designation no.
9 (RLIN) 7278
830 1# - SERİ EK GİRİŞİ - TEKBİÇİM ESER ADI
Tekbiçim Başlık 60 Muhasebe Enstitüsü Eğitim ve Araştırma Vakfı Yayın ;
Volume number/sequential designation no.
9 (RLIN) 7279
830 1# - SERİ EK GİRİŞİ - TEKBİÇİM ESER ADI
Tekbiçim Başlık 12
9 (RLIN) 7280
942 ## - EK GİRİŞ ÖGELERİ (KOHA)
Source of classification or shelving scheme Library of Congress Classification
Koha item type Book
Holdings
Materyal Türü Kalıcı Konum Mevcut Konum Raf Yeri Sınıflandırma Kaynağı Edinim Bilgisi Ana Konular Alt Konular Yer Numarası Demirbaş Numarası Fatura Tarihi Geri Çekilme Durumu Kayıp Durumu Hasarlı Durumu Kredi için değil Kayıt Tarih Toplam Ödünçverme Son Görülme Tarihi Son Kontrol Tarihi Genel / Bağış Notu
Book Prof. Dr. Azmi Özcan Kütüphanesi Prof. Dr. Azmi Özcan Kütüphanesi Uluğbey Salonu Library of Congress Classification Bağış SOSYAL BİLİMLER Ticaret HF5681 .G96 1990 0002703 13/08/2010         05/03/2009 1 05/12/2024 05/12/2024 İİBF